Revisión de un proyecto de energía solar.(Horno solar, Tesis № 80 de 1975)
Guardat en:
| Autor principal: | |
|---|---|
| Format: | Llibre |
| Publicat: |
[San José , Costa Rica]
1979
|
| Etiquetes: |
Afegir etiqueta
Sense etiquetes, Sigues el primer a etiquetar aquest registre!
|
MARC
| LEADER | 00000nam a2200000Ia 4500 | ||
|---|---|---|---|
| 003 | 005195 | ||
| 005 | 20221231143746.0 | ||
| 008 | 140114s1979 cr a m 000 ||s d | ||
| 040 | |c cru CEDI | ||
| 090 | |a TFG 1137 | ||
| 100 | |a Muñoz E, Alberto |9 15658 | ||
| 245 | |a Revisión de un proyecto de energía solar.(Horno solar, Tesis № 80 de 1975) | ||
| 260 | |c 1979 |a [San José , Costa Rica] | ||
| 300 | |a 62 hojas : ilustraciones | ||
| 500 | |a A la cabeza de la portada. Proyecto de graduación. IM-410. Universidad de Costa Rica. Facultad de Ingeniería. Escuela de Ingeniería Mecánica | ||
| 942 | |c TFG | ||
| 999 | |c 11385 |d 11385 | ||
